000 00302nam a2200121 i 4500
001 bg
245 0 _aWytrzymałość materiałów :
_blaboratorium /
_cp. red. W. Bodaszewskiego.
260 _aKielce,
_c1992.
040 _cBPK
041 _apol
942 _cKS
008 s pl f |000 0 pol
999 _c5405
_d5405
856 _uhttp://koha.tu.koszalin.pl/cgi-bin/koha/opac-detail.pl?biblionumber=5405
_yKatalog online BPK